Colaboraciones de Grupo Frontera - ¡Muerte súbita! - Estadísticas

Estadísticas generales
  • Esta prueba ha sido intentada 23 veces
  • La puntuación promedio es 5 de 18
Answers on the Grid
Answers color-coded by a green-red scale on the quiz's grid according to % correct below.
Alejandro Sanz
Arcángel
Bad Bunny
Becky G
Bizarrap
Camilo
Carín León
Cris MJ
De la Ghetto
Eslabón Armado
Fuerza Regida
Grupo Firme
Junior H
Los Ángeles Azules
Maluma
Manuel Torizo
María Becerra
Morat
Nicki Nicole
Óscar Maydon
Peso Pluma
Quevedo
Romeo Santos
Rosalía
Santana
Shakira
Tito Doble P
 
Estadísticas de respuestas
Respuesta % Correcto
«Un x100to» Bad Bunny
75%
«Que vuelvas» Carín León
42%
«Bebé dame» Fuerza Regida
42%
«En altavoz» Junior H
42%
«Hoy no me siento bien» Alejandro Sanz
33%
«ALV» Arcángel
33%
«El amor de su vida» Grupo Firme
33%
«Tulum» Peso Pluma
33%
«Quédate conmigo» Eslabón Armado
25%
«Por qué será» Maluma
25%
«De lunes a lunes» Manuel Torizo
25%
«Desquite» Nicki Nicole
25%
«Ay mamá» Tito Doble P
25%
«Ángel» Romeo Santos
17%
«Qué te parece» Óscar Maydon
8%
«Me retiro» Santana
8%
«(Entre paréntesis)» Shakira
8%
«No se va» Morat
0%
No se encontraron pruebas coincidentes
Distribución de puntuación
Porcentaje de gente con cada puntuación
Porcentaje por número respondido
Historial de tus puntuaciones
No has intentado esta prueba.